|
|
|
|
| LEADER |
00000nam2a2200000 4500 |
| 001 |
203031 |
| 005 |
20231101225127.0 |
| 035 |
|
|
|a (RuTPU)RU\TPU\book\221243
|
| 035 |
|
|
|a RU\TPU\book\221236
|
| 090 |
|
|
|a 203031
|
| 100 |
|
|
|a 20111026d1934 k y0rusy50 ca
|
| 101 |
0 |
|
|a rus
|a eng
|
| 102 |
|
|
|a RU
|
| 105 |
|
|
|a a z 001zy
|
| 200 |
0 |
|
|a Вып. 15 : Минералогические исследования полиметаллических руд Салаирских месторождений
|f Г. П. Болгов
|g отв. ред. М. А. Усов
|
| 210 |
|
|
|d 1934
|
| 215 |
|
|
|a 46 с.
|c ил.
|
| 320 |
|
|
|a Библиогр. в конце ст.
|
| 461 |
|
0 |
|0 (RuTPU)RU\TPU\book\221179
|t Материалы по геологии Западно-Сибирского края
|v Вып. 15 : Минералогические исследования полиметаллических руд Салаирских месторождений
|d 1933-1937
|
| 606 |
1 |
|
|a Геология
|y Западная Сибирь
|2 stltpush
|3 (RuTPU)RU\TPU\subj\70290
|9 84644
|
| 610 |
1 |
|
|a орография
|
| 610 |
1 |
|
|a гидрография
|
| 610 |
1 |
|
|a полезные ископаемые
|
| 610 |
1 |
|
|a литология
|
| 610 |
1 |
|
|a генезис
|
| 610 |
1 |
|
|a бокситы
|
| 610 |
1 |
|
|a полиметаллические месторождения
|
| 610 |
1 |
|
|a минералогия
|
| 610 |
1 |
|
|a текстуры руд
|
| 610 |
1 |
|
|a Салаир
|
| 610 |
1 |
|
|a Библиотека М. А. Усова
|
| 675 |
|
|
|a 55(571.1)
|v 3
|
| 700 |
|
1 |
|a Болгов
|b Г. П.
|
| 702 |
|
1 |
|a Усов
|b М. А.
|c российский геолог
|c профессор Томского технологического института
|f 1883-1939
|g Михаил Антонович
|2 stltpush
|3 (RuTPU)RU\TPU\pers\1941
|4 340
|
| 801 |
|
1 |
|a RU
|b 63413507
|c 20111025
|
| 801 |
|
2 |
|a RU
|b 63413507
|c 20221114
|g RCR
|
| 942 |
|
|
|c BK
|